| 000 | 01785nam a2200301 a 4500 | ||
|---|---|---|---|
| 001 | BRCA_2839 | ||
| 005 | 20190320204007.0 | ||
| 008 | 091208s1967----sp-a---###---#000-0#spa-u | ||
| 041 | _aspa | ||
| 044 | _asp | ||
| 084 |
_a265 _b.G56 _c1967 |
||
| 100 | 1 |
_aCervantes Saavedra, Miguel de _d1547-1616 _9213 |
|
| 245 | 1 | 0 |
_aDon Quijote de la Mancha _cMiguel de Cervante Saavedra. |
| 260 |
_aMadrid _bGiner ediciones _c1967 |
||
| 300 |
_a4 v. _bil. _c30 cm. |
||
| 500 | _aContenido : v 1. Primera parte. Introducción. ´Al margen del Quijote´ por Azorin. Privilegio de la edición príncipe. Dedicatoria del autor. Prólogo del autor. Versos preliminares. Texto. -- v 2. Texto. -- v 3. Segunda parte. Dedicatoria del autor. Prólogo del autor. Texto. -- v 4. Texto. Tabla de voces | ||
| 500 | _aEdición : Edición y notas de Vicente Gaos. Ilustraciones de Lorenzo Goñi. Al margen del Quijote por Azorin | ||
| 500 | _aEdición moderna que toma por base las ediciones princeps de 1605 y 1615. Las notas de Vicente Gaos son concisas para el lector medio, pero redactadas con el criterio tradicional, es decir, se refiere casi exclusivamente a los aspectos gramaticales y estético-literarios. Las numerosas ilustraciones de Goñi son originales en su género. Impresión excelente y encuadernación elegante en rojo y negro Lúdovik Osterc | ||
| 500 | _a3172 | ||
| 650 | 1 | 4 |
_aNovela española _yÉpoca clásica, 1500-1700 _9215 |
| 650 | 1 | 4 |
_aLiteratura española _yÉpoca clásica, 1500-1700 _9216 |
| 650 | 1 | 4 |
_aNovela española _ySiglo XVII _9217 |
| 650 | 1 | 4 |
_aDon Quijote (Personaje ficticio) _eNovela _9218 |
| 700 | 1 |
_aGoñi y Suárez del Árbol, Lorenzo _d1911-1992 _eIlustrador _97947 |
|
| 740 | 0 | _aEl Ingenioso Hidalgo Don Quijote de la Mancha | |
| 902 | _aQFM | ||
| 942 |
_2lcc _cB |
||
| 999 |
_c2578 _d2578 |
||